000
00296nam a2200121Ia 4500
008
190216s9999||||xx |||||||||||||| ||und||
100
_a
Gopal R
245
0
_a
Problems And Solutions In Communication Systems
260
_b
Cbs Publishers
_c
2007
300
_a
268
650
_a
Physics
942
_c
BK
999
_c
34292
_d
34292